Normal view
MARC view
Entry Personal Name
001 - CONTROL NUMBER
- control field: 52888
003 - CONTROL NUMBER IDENTIFIER
- control field: OSt
005 - DATE AND TIME OF LATEST TRANSACTION
- control field: 20160420134709.0
008 - FIXED-LENGTH DATA ELEMENTS
- fixed length control field: 160420|| aca||aabn | a|a d
040 ## - CATALOGING SOURCE
- Original cataloging agency: OSt
- Transcribing agency: OSt
100 ## - HEADING--PERSONAL NAME
- Personal name: डॉ रमेश प्रसाद गौतम
670 ## - SOURCE DATA FOUND
- Source citation: Work cat.: (OSt)30648: डॉ रमेश प्रसाद गौतम, भारत में मानव अधिकार , 2001









